Historia 2; desde los tiempos modernos hasta el nacimiento de la nación argentina /
Guardado en:
| Autor Principal: | |
|---|---|
| Formato: | Libro |
| Publicado: |
Argentina :
Troquel,
1984
|
| Edición: | 6 |
| Materias: | |
| Etiquetas: |
Agregar Etiqueta
Sin Etiquetas, Sea el primero en etiquetar este registro!
|
| LEADER | 01047nam a22002535a 4500 | ||
|---|---|---|---|
| 001 | CEM.cems003363 | ||
| 005 | 20070918192420.0 | ||
| 008 | 130507s1984##################000#0#####d | ||
| 003 | CEMS | ||
| 082 | 0 | 4 | |a 940.2 |
| 100 | 1 | |a Ibañez, José Cosmelli | |
| 245 | 1 | 0 | |a Historia 2; desde los tiempos modernos hasta el nacimiento de la nación argentina / |c José Cosmelli Ibañez |
| 250 | |a 6 | ||
| 260 | |a Argentina : |b Troquel, |c 1984 | ||
| 300 | |a 609 p. | ||
| 653 | |a Historia | ||
| 653 | |a Historia 2do. año | ||
| 653 | |a Historia moderna y contemporan | ||
| 859 | |a CEMS |b BIB. CEMS - 11 de abril |h 940.2 |i Ib1-2a6 |p 13458.85 |t Ej.1 |v II |3 II | ||
| 859 | |a CEMS |b BIB. CEMS - 11 de abril |h 940.2 |i Ib1-2a6 |p 13459.85 |t Ej.2 |v II |3 II | ||
| 859 | |a CEMS |b BIB. CEMS - 11 de abril |h 940.2 |i Ib1-2a6 |p 13460.85 |t Ej.3 |v II |3 II | ||
| 859 | |a CEMS |b BIB. CEMS - 11 de abril |h 940.2 |i Ib1-2a6 |p 13461.85 |t Ej.4 |v II |3 II | ||
| 859 | |a CEMS |b BIB. CEMS - 11 de abril |h 940.2 |i Ib1-2a6 |p 13462.85 |t Ej.5 |v II |3 II | ||
| 859 | |a CEMS |b BIB. CEMS - 11 de abril |h 940.2 |i Ib1-2a6 |p 13463.85 |t Ej.6 |v II |3 II | ||
